[Event "European Youth Chess Championship B16"]
[Site "Prague, Top Hotel Prague"]
[Date "2016.08.18"]
[Round "1.30"]
[White "Aubrecht, Petr"]
[Black "Banzea, Alexandru-Bogdan"]
[Result "1/2-1/2"]
[WhiteElo "1959"]
[BlackElo "2287"]
[PlyCount "112"]
[EventDate "2016.08.18"]

1. Nf3 Nf6 2. c4 e6 3. g3 b6 4. Bg2 Bb7 5. O-O c5 6. Nc3 Be7 7. d4 cxd4 8. Qxd4
d6 9. b3 a6 10. Rd1 Nbd7 11. Ba3 Nc5 12. Nd2 Bxg2 13. Kxg2 Qc7 14. Rac1 Rd8 15.
Nce4 Nfxe4 16. Nxe4 O-O 17. Bb2 e5 18. Qd5 Nxe4 19. Qxe4 Rd7 20. Qd5 Rfd8 21.
e4 Qc5 22. Rc2 Kf8 23. h4 Rc7 24. Rcd2 Qxd5 25. Rxd5 Rc5 26. R5d3 b5 27. cxb5
axb5 28. Ba3 Rc6 29. Rd5 f6 30. Bb4 Rc2 31. a3 Rb2 32. Rxb5 Rxb3 33. Rb7 Rc8
34. Ra7 Rc6 35. Rd5 Rb2 36. Kf3 h5 37. Rb5 Rc3+ 38. Kg2 Rcc2 39. Rb8+ Kf7 40.
Rbb7 Rxf2+ 41. Kg1 Rg2+ 42. Kf1 Rxg3 43. Rxe7+ Kg8 44. Be1 Rg4 45. Bc3 Rc2 46.
Bb4 Kh8 47. Rac7 Ra2 48. Rc8+ Kh7 49. Rec7 Rf4+ 50. Ke1 Rxh4 51. Rc2 Rh1+ 52.
Kd2 Rh2+ 53. Kd3 Rh3+ 54. Kd2 Rh2+ 55. Kd1 Rh1+ 56. Ke2 Rh2+ 1/2-1/2

[Event "European Youth Chess Championship B16"]
[Site "Prague, Top Hotel Prague"]
[Date "2016.08.18"]
[Round "1.31"]
[White "Schroeder, Kevin"]
[Black "Cirovic, Miroljub"]
[Result "1/2-1/2"]
[WhiteElo "2286"]
[BlackElo "1943"]
[PlyCount "112"]
[EventDate "2016.08.18"]

1. Nf3 Nf6 2. c4 e6 3. g3 b6 4. Bg2 Bb7 5. O-O c5 6. Nc3 Be7 7. d4 cxd4 8. Qxd4
d6 9. b3 a6 10. Rd1 Nbd7 11. Ba3 Nc5 12. Nd2 Bxg2 13. Kxg2 Qc7 14. Rac1 Rd8 15.
Nde4 Nfxe4 16. Nxe4 O-O 17. Bb2 e5 18. Qd5 Nxe4 19. Qxe4 Rd7 20. Qd5 Rfd8 21.
e4 Qc5 22. Rc2 Kf8 23. h4 Rc7 24. Rcd2 Qxd5 25. Rxd5 Rc5 26. R5d3 b5 27. cxb5
axb5 28. Ba3 Rc6 29. Rd5 f6 30. Bb4 Rc2 31. a3 Rb2 32. Rxb5 Rxb3 33. Rb7 Rc8
34. Ra7 Rc6 35. Rd5 Rb2 36. Kf3 h5 37. Rb5 Rc3+ 38. Kg2 Rcc2 39. Rb8+ Kf7 40.
Rbb7 Rxf2+ 41. Kg1 Rg2+ 42. Kf1 Rxg3 43. Rxe7+ Kg8 44. Be1 Rg4 45. Bc3 Rc2 46.
Bb4 Kh8 47. Rec7 Ra2 48. Rc8+ Kh7 49. Rac7 Rf4+ 50. Ke1 Rxh4 51. Rc2 Rh1+ 52.
Kd2 Rh2+ 53. Kd3 Rh3+ 54. Kd2 Rh2+ 55. Kd1 Rh1+ 56. Ke2 Rh2+ 1/2-1/2

[Event "European Youth Chess Championship B16"]
[Site "Prague, Top Hotel Prague"]
[Date "2016.08.18"]
[Round "1.32"]
[White "Pavelka, Hubert Jan"]
[Black "Roshka, Yevgeniy"]
[Result "1/2-1/2"]
[WhiteElo "1934"]
[BlackElo "2285"]
[PlyCount "84"]
[EventDate "2016.08.18"]

1. d4 Nf6 2. c4 e6 3. g3 Bb4+ 4. Bd2 Qe7 5. Nf3 Nc6 6. Nc3 O-O 7. Bg2 d6 8. Qc2
e5 9. d5 Nb8 10. e4 Nbd7 11. O-O Nc5 12. Ne1 Bd7 13. f3 Rfb8 14. Nd3 Nxd3 15.
Qxd3 a6 16. Rae1 b5 17. b3 Be8 18. Bh3 bxc4 19. bxc4 Bd7 20. Bg2 Bc8 21. Be3
Nd7 22. Rb1 Nc5 23. Qc2 Bd7 24. Kh1 Qe8 25. Bxc5 Bxc5 26. f4 exf4 27. gxf4 f6
28. Rbe1 Qg6 29. Rf3 Rb4 30. Qd3 Re8 31. Nd1 Qh5 32. Bh3 Qh4 33. Ref1 Bxh3 34.
Rxh3 Qg4 35. e5 f5 36. e6 Qg6 37. Ne3 Bxe3 38. Rxe3 Rb2 39. Rg3 Qh6 40. Rh3 Qf6
41. a3 Qg6 42. Rg1 Qf6 1/2-1/2

[Event "European Youth Chess Championship B16"]
[Site "Prague, Top Hotel Prague"]
[Date "2016.08.18"]
[Round "1.33"]
[White "Bronstein, Or"]
[Black "Skladtshikov, Andrei"]
[Result "1-0"]
[WhiteElo "2284"]
[BlackElo "1929"]
[PlyCount "89"]
[EventDate "2016.08.18"]

1. c4 Nf6 2. Nc3 g6 3. e4 d6 4. d4 Bg7 5. h3 O-O 6. Bg5 Nbd7 7. Bd3 e5 8. d5 a5
9. Nge2 Nc5 10. Bc2 h6 11. Be3 Ne8 12. Qd2 Kh7 13. g4 b6 14. Ng3 Qh4 15. b3 Bd7
16. O-O-O Na6 17. a3 Rb8 18. Rdg1 Qe7 19. Nge2 c6 20. h4 Nec7 21. dxc6 Bxc6 22.
h5 g5 23. Nd5 Bxd5 24. exd5+ Kg8 25. Ng3 Qf6 26. Ne4 Qd8 27. Qd3 Re8 28. Rh3 b5
29. Rf3 a4 30. Rgg3 axb3 31. Nf6+ Kf8 32. Nh7+ Ke7 33. Nxg5 Kd7 34. Nxf7 Qe7
35. Qf5+ Ne6 36. Qxe6+ Qxe6 37. dxe6+ Kxe6 38. Bxb3 Rbc8 39. Bxh6 Bxh6+ 40.
Nxh6 bxc4 41. Bc2 Kd5 42. g5 Kd4 43. Rf6 Rcd8 44. Nf7 Rd7 45. Ba4 1-0

[Event "European Youth Chess Championship B16"]
[Site "Prague, Top Hotel Prague"]
[Date "2016.08.18"]
[Round "1.34"]
[White "Demosthenous, Andreas"]
[Black "Koziol, Kamil"]
[Result "1/2-1/2"]
[WhiteElo "1925"]
[BlackElo "2276"]
[PlyCount "82"]
[EventDate "2016.08.18"]

1. e4 c5 2. Nf3 d6 3. Bb5+ Nd7 4. O-O a6 5. Bd3 Ngf6 6. c3 b5 7. c4 bxc4 8.
Bxc4 Nb6 9. d3 Nxc4 10. dxc4 Bb7 11. e5 Bxf3 12. Qxf3 dxe5 13. Rd1 Qc8 14. Nc3
e6 15. Bg5 Be7 16. Rd3 Rb8 17. b3 Qb7 18. Qg3 h6 19. Bxf6 Bxf6 20. f3 O-O 21.
Ne4 Be7 22. Qxe5 Qc6 23. Rad1 f6 24. Qh5 f5 25. Nc3 Rbd8 26. Qg6 Rxd3 27. Rxd3
Bf6 28. Ne2 Rd8 29. Rxd8+ Bxd8 30. Qg3 Bc7 31. Qe1 Qd6 32. g3 Kf7 33. Nf4 Qd4+
34. Qf2 Qxf2+ 35. Kxf2 Kf6 36. Ke3 Bd6 37. Nh5+ Kg6 38. Nf4+ Kf6 39. Nh5+ Kf7
40. Nf4 g5 41. Nd3 Kf6 1/2-1/2

[Event "European Youth Chess Championship B16"]
[Site "Prague, Top Hotel Prague"]
[Date "2016.08.18"]
[Round "1.35"]
[White "Marosi, Levente"]
[Black "Slomczewski, Michal"]
[Result "1/2-1/2"]
[WhiteElo "2274"]
[BlackElo "1920"]
[PlyCount "76"]
[EventDate "2016.08.18"]

1. e4 c6 2. Nc3 d5 3. d4 dxe4 4. Nxe4 Nf6 5. Nxf6+ gxf6 6. c3 Bf5 7. Nf3 e6 8.
Bf4 Bd6 9. Qd2 Qc7 10. Bxd6 Qxd6 11. Nh4 Bg6 12. Nxg6 hxg6 13. h4 Nd7 14. g3
O-O-O 15. Bg2 f5 16. O-O-O Nf6 17. Qe3 f4 18. Qf3 Rh5 19. g4 Rh7 20. h5 gxh5
21. gxh5 Rdh8 22. Rh4 Nxh5 23. Rdh1 Qd5 24. Qg4 Qa5 25. Bf3 Nf6 26. Qxf4 Rxh4
27. Rxh4 Rxh4 28. Qxh4 Qf5 29. Bd1 Nd5 30. Bc2 Qf4+ 31. Qxf4 Nxf4 32. Kd2 Kd7
33. Be4 Kd6 34. Ke3 Nd5+ 35. Bxd5 Kxd5 36. b3 c5 37. f4 cxd4+ 38. cxd4 f6
1/2-1/2

[Event "European Youth Chess Championship B16"]
[Site "Prague, Top Hotel Prague"]
[Date "2016.08.18"]
[Round "1.36"]
[White "Golding, James"]
[Black "Miesbauer, Jan"]
[Result "1-0"]
[WhiteElo "1919"]
[BlackElo "2272"]
[PlyCount "91"]
[EventDate "2016.08.18"]

1. d4 Nf6 2. c4 d6 3. Nc3 Nbd7 4. e4 e5 5. d5 Be7 6. Be3 O-O 7. f3 Nh5 8. Qd2
g6 9. O-O-O f5 10. exf5 gxf5 11. Bd3 c5 12. Nge2 Ndf6 13. Rhg1 Ng7 14. Rdf1 Kh8
15. Kb1 a6 16. g3 Bd7 17. h3 Qe8 18. g4 b5 19. Qc2 f4 20. Bf2 Qf7 21. g5 Nfh5
22. g6 Qe8 23. gxh7 Nf5 24. cxb5 axb5 25. Nxb5 Qb8 26. Nbc3 Nd4 27. Nxd4 exd4
28. Ne4 Nf6 29. Nxf6 Bxf6 30. Rg6 Qb7 31. Rfg1 Qxd5 32. b3 Qe5 33. Qc4 Be6 34.
Qc2 Bxh3 35. Rg8+ Rxg8 36. hxg8=Q+ Rxg8 37. Rh1 Rg2 38. Rxh3+ Kg7 39. Rh7+ Kf8
40. Qc4 Rg7 41. Rh8+ Ke7 42. Ra8 Rg2 43. Qb5 Kf7 44. Qd7+ Be7 45. Bc4+ Kf6 46.
Bh4+ 1-0

[Event "European Youth Chess Championship B16"]
[Site "Prague, Top Hotel Prague"]
[Date "2016.08.18"]
[Round "1.37"]
[White "Mesaros, Florian"]
[Black "Todorov, Kaloyan"]
[Result "1-0"]
[WhiteElo "2270"]
[BlackElo "1918"]
[PlyCount "63"]
[EventDate "2016.08.18"]

1. Nf3 d5 2. c4 d4 3. d3 Nc6 4. g3 e5 5. Bg2 Nf6 6. O-O Bc5 7. b4 Nxb4 8. Nxe5
O-O 9. Nd2 Re8 10. Nef3 Bf8 11. a3 Na6 12. Nb3 c5 13. Rb1 Rb8 14. e3 dxe3 15.
fxe3 b5 16. cxb5 Rxb5 17. Qc2 Be6 18. Ng5 h6 19. Nxe6 Rxe6 20. e4 Rb8 21. Bb2
Ng4 22. Rf3 Rc8 23. Bh3 Qg5 24. Bxg4 Qxg4 25. Rf4 Qg6 26. Nd2 Bd6 27. Rf3 Nc7
28. Nc4 Qh5 29. Rf5 Qg4 30. Nxd6 Rxd6 31. Rxc5 Rd7 32. Be5 1-0

[Event "European Youth Chess Championship B16"]
[Site "Prague, Top Hotel Prague"]
[Date "2016.08.18"]
[Round "1.38"]
[White "Solc, Filip"]
[Black "Tuncer, Tuna"]
[Result "0-1"]
[WhiteElo "1915"]
[BlackElo "2263"]
[PlyCount "36"]
[EventDate "2016.08.18"]

1. e4 c5 2. Nf3 d6 3. Bb5+ Bd7 4. Bxd7+ Qxd7 5. c4 Nf6 6. Nc3 g6 7. d4 cxd4 8.
Nxd4 Bg7 9. h3 O-O 10. O-O Rc8 11. b3 d5 12. Nxd5 Nxe4 13. Re1 e6 14. Ne7+ Qxe7
15. Rxe4 Rd8 16. Bb2 Nc6 17. Qd2 Bxd4 18. Bxd4 e5 0-1

[Event "European Youth Chess Championship B16"]
[Site "Prague, Top Hotel Prague"]
[Date "2016.08.18"]
[Round "1.39"]
[White "Mohammad, Fahim"]
[Black "Birkisson, Bjorn Holm"]
[Result "1-0"]
[WhiteElo "2260"]
[BlackElo "1908"]
[PlyCount "45"]
[EventDate "2016.08.18"]

1. d4 Nf6 2. Nf3 e6 3. c4 b6 4. g3 Ba6 5. Qc2 c5 6. d5 exd5 7. cxd5 Bb7 8. Bg2
Nxd5 9. O-O Nc6 10. Rd1 Be7 11. Qf5 Nf6 12. e4 Nb4 13. Nc3 g6 14. Qf4 Qb8 15.
e5 Nfd5 16. Qh6 Bf8 17. Qh3 Qc8 18. Ne4 Qc6 19. Bg5 Be7 20. a3 Na6 21. Bxe7
Kxe7 22. Qh4+ Kf8 23. Nd6 1-0

[Event "European Youth Chess Championship B16"]
[Site "Prague, Top Hotel Prague"]
[Date "2016.08.18"]
[Round "1.40"]
[White "Berntsen-Oybo, August"]
[Black "Plazuelo, Pascual Juan"]
[Result "0-1"]
[WhiteElo "1899"]
[BlackElo "2256"]
[PlyCount "58"]
[EventDate "2016.08.18"]

1. d4 Nf6 2. Nf3 b6 3. Bg5 Bb7 4. Nbd2 e6 5. e3 h6 6. Bh4 d6 7. Bd3 g5 8. Bg3
g4 9. Nh4 Rg8 10. h3 Nh5 11. hxg4 Nxg3 12. fxg3 Qg5 13. Nf1 Qxg4 14. Be2 Qg7
15. Bf3 d5 16. c4 c6 17. Rc1 Bd6 18. g4 Nd7 19. cxd5 cxd5 20. g3 Nf6 21. Ng2
Ke7 22. Nf4 Rac8 23. Rxc8 Rxc8 24. Rh4 Ba6 25. Be2 Bxe2 26. Qxe2 Ne4 27. Qd3
Qg5 28. Ke2 Rc1 29. Kf3 Rxf1+ 0-1

[Event "European Youth Chess Championship B16"]
[Site "Prague, Top Hotel Prague"]
[Date "2016.08.18"]
[Round "1.41"]
[White "Hurdzan, Tomas"]
[Black "Burhanov, Vassily"]
[Result "1-0"]
[WhiteElo "2245"]
[BlackElo "1888"]
[PlyCount "39"]
[EventDate "2016.08.18"]

1. e4 e6 2. Nf3 d5 3. Nc3 dxe4 4. Nxe4 Nd7 5. d4 Ngf6 6. Bd3 Be7 7. Qe2 O-O 8.
Bg5 h6 9. Bd2 c5 10. dxc5 Nxc5 11. Nxc5 Bxc5 12. O-O-O Qe7 13. Ne5 b6 14. g4
Bb7 15. Rhg1 Rfd8 16. g5 Rxd3 17. gxf6 Rxd2 18. Rxg7+ Kf8 19. Ng6+ fxg6 20.
Qxd2 1-0

[Event "European Youth Chess Championship B16"]
[Site "Prague, Top Hotel Prague"]
[Date "2016.08.18"]
[Round "1.42"]
[White "Kuchar, Matej"]
[Black "Stauskas, Lukas"]
[Result "1-0"]
[WhiteElo "1873"]
[BlackElo "2235"]
[PlyCount "51"]
[EventDate "2016.08.18"]

1. e4 c5 2. Nf3 d6 3. d4 cxd4 4. Nxd4 Nf6 5. Nc3 a6 6. Be2 e6 7. O-O Be7 8. f4
Qc7 9. Kh1 b5 10. Bf3 Bb7 11. e5 dxe5 12. fxe5 Nfd7 13. Bf4 O-O 14. Bxb7 Qxb7
15. Qg4 Kh8 16. Rae1 Nc5 17. Rf3 Rd8 18. Be3 Bf8 19. Ref1 Nbd7 20. Rh3 h6 21.
Qh5 Qc7 22. Rxf7 Qxe5 23. Qg6 Nf6 24. Nc6 Qd6 25. Rxh6+ Kg8 26. Rxf6 1-0

[Event "European Youth Chess Championship B16"]
[Site "Prague, Top Hotel Prague"]
[Date "2016.08.18"]
[Round "1.43"]
[White "Merkesvik, Sondre"]
[Black "Brejnik, Gustav"]
[Result "1-0"]
[WhiteElo "2228"]
[BlackElo "1868"]
[PlyCount "49"]
[EventDate "2016.08.18"]

1. d4 c6 2. Nf3 d5 3. g3 Nf6 4. Bg2 Nbd7 5. O-O e6 6. c4 Be7 7. Nc3 O-O 8. b3
Re8 9. Bb2 Qc7 10. Rc1 b6 11. Qc2 Bb7 12. Rfe1 Rac8 13. cxd5 exd5 14. Ng5 Qb8
15. Qf5 h6 16. Nf3 c5 17. Ne5 Nxe5 18. dxe5 g6 19. Qc2 Ng4 20. Nxd5 Nxe5 21. f4
Nc6 22. e3 Kh7 23. Qc3 Rg8 24. Nxe7 Nxe7 25. Qf6 1-0

[Event "European Youth Chess Championship B16"]
[Site "Prague, Top Hotel Prague"]
[Date "2016.08.18"]
[Round "1.44"]
[White "Mandic, Stefan"]
[Black "Trubchaninov, Timur"]
[Result "0-1"]
[WhiteElo "1868"]
[BlackElo "2228"]
[PlyCount "74"]
[EventDate "2016.08.18"]

1. e4 e5 2. Nf3 Nc6 3. Bc4 Bc5 4. c3 Nf6 5. d4 exd4 6. cxd4 Bb4+ 7. Bd2 Nxe4 8.
Bxb4 Nxb4 9. Bxf7+ Kxf7 10. Qb3+ d5 11. Ne5+ Ke6 12. Qxb4 Qf8 13. Qxf8 Rxf8 14.
f3 Nd6 15. O-O Nf5 16. Re1 Kd6 17. Nc3 c6 18. Rad1 Bd7 19. Nxd7 Kxd7 20. Kf2
Rae8 21. Rxe8 Rxe8 22. Rd3 g5 23. h3 Nd6 24. b3 h5 25. g4 hxg4 26. hxg4 Rh8 27.
Kg2 Re8 28. Kf2 Nf7 29. Re3 Rh8 30. Kg2 Nd8 31. Re5 Ne6 32. Ne2 b5 33. Rf5 Ke7
34. Re5 Kd6 35. Rf5 Rh7 36. Kf2 Rh2+ 37. Ke3 Rxe2+ 0-1

[Event "European Youth Chess Championship B16"]
[Site "Prague, Top Hotel Prague"]
[Date "2016.08.18"]
[Round "1.45"]
[White "German, Nikita"]
[Black "Jurasek, Vojtech"]
[Result "1/2-1/2"]
[WhiteElo "2223"]
[BlackElo "1859"]
[PlyCount "93"]
[EventDate "2016.08.18"]

1. e4 c5 2. Nf3 e6 3. d4 cxd4 4. Nxd4 a6 5. Bd3 Qc7 6. O-O Nf6 7. Qe2 d6 8. c4
Nbd7 9. b3 Be7 10. Bb2 b6 11. Nc3 Bb7 12. f4 O-O 13. Rae1 g6 14. Kh1 Ne8 15.
Bb1 Bh4 16. Rc1 Be7 17. f5 e5 18. Nd5 Qd8 19. Nxe7+ Qxe7 20. Nf3 a5 21. a3 Qd8
22. b4 Qc7 23. Qe3 Kg7 24. Rfd1 axb4 25. axb4 Ra4 26. c5 bxc5 27. bxc5 Nxc5 28.
Nxe5 f6 29. Nd3 Rxe4 30. Nxc5 Rxe3 31. Ne6+ Rxe6 32. Rxc7+ Nxc7 33. fxe6 Nxe6
34. Rxd6 Rd8 35. Rxd8 Nxd8 36. Kg1 Bd5 37. Kf2 Kf7 38. h4 Ne6 39. g3 Ng7 40.
Bd3 Nf5 41. Bxf5 gxf5 42. Ke3 Be6 43. Kf4 Kg6 44. Bd4 Kf7 45. Bc3 Kg6 46. Bd4
Kf7 47. Bc3 1/2-1/2

[Event "European Youth Chess Championship B16"]
[Site "Prague, Top Hotel Prague"]
[Date "2016.08.18"]
[Round "1.46"]
[White "Bugar, Peter"]
[Black "Schmidek, Emil"]
[Result "0-1"]
[WhiteElo "1857"]
[BlackElo "2223"]
[PlyCount "140"]
[EventDate "2016.08.18"]

1. c4 Nf6 2. Nc3 d5 3. cxd5 Nxd5 4. g3 g6 5. Bg2 Nxc3 6. bxc3 Bg7 7. Nf3 O-O 8.
O-O c5 9. Qb3 Nc6 10. Rb1 b6 11. c4 Qc7 12. d3 Bg4 13. Re1 Bxf3 14. exf3 Rad8
15. f4 Nd4 16. Qd1 Rd7 17. Bb2 Nc6 18. a3 Rfd8 19. Qa4 Na5 20. Be4 Bxb2 21.
Rxb2 e6 22. Rbe2 Rd6 23. Re3 Nc6 24. Rd1 Nd4 25. Bg2 Nf5 26. Rf3 R8d7 27. Rd2
Qd8 28. Bf1 Qf6 29. Qd1 h5 30. h4 Kg7 31. Kh2 Qd8 32. Kg1 Rd4 33. Qc2 Kg8 34.
Qb3 R4d6 35. Qd1 Qc7 36. Rb2 Qb7 37. Rb1 Rd4 38. Rc1 Qa6 39. Qb3 R4d6 40. Qb2
Qb7 41. Bg2 Qc8 42. Rd1 Qd8 43. Bf1 Nd4 44. Re3 Qf6 45. Rd2 Qf5 46. Kg2 Qg4 47.
f3 Qf5 48. Qb1 Qf6 49. Qd1 Nf5 50. Re5 Qxe5 51. fxe5 Ne3+ 52. Kh2 Nxd1 53. exd6
Ne3 54. Be2 Rxd6 55. Rb2 Kg7 56. g4 hxg4 57. fxg4 Rd4 58. Kg3 f5 59. g5 f4+ 60.
Kh3 f3 61. Bxf3 Rxd3 62. Be2 Rxa3 63. Kh2 Nf5 64. h5 gxh5 65. Bxh5 Rg3 66. Rd2
Rxg5 67. Rd7+ Kf6 68. Bd1 Rg7 69. Rd8 Ke5 70. Bf3 Ne3 0-1

[Event "European Youth Chess Championship B16"]
[Site "Prague, Top Hotel Prague"]
[Date "2016.08.18"]
[Round "1.47"]
[White "Ranaldi, Lucas"]
[Black "Bryker, Oleksandr"]
[Result "1-0"]
[WhiteElo "2215"]
[BlackElo "1852"]
[PlyCount "117"]
[EventDate "2016.08.18"]

1. d4 d5 2. c4 e6 3. Nc3 c6 4. e3 Nf6 5. Nf3 Bd6 6. Qc2 Nbd7 7. Bd3 dxc4 8.
Bxc4 b5 9. Be2 Bb7 10. O-O O-O 11. Rd1 Qe7 12. e4 e5 13. dxe5 Nxe5 14. Nd4 Bc5
15. Nf5 Qe6 16. Be3 Bxe3 17. Nxe3 Rfd8 18. b3 Ng6 19. f3 Rac8 20. Rac1 h6 21.
Bf1 a6 22. Nb1 Qe8 23. Nf5 Rxd1 24. Rxd1 Rd8 25. b4 Rxd1 26. Qxd1 Qd7 27. Qd4
Qxd4+ 28. Nxd4 Nd7 29. Nb3 Kf8 30. Nc3 Ke7 31. g3 Kd6 32. f4 f6 33. Bg2 Bc8 34.
Bh3 Ne7 35. Bxd7 Bxd7 36. Kf2 Ng6 37. Ke3 Nf8 38. Nc5 Bc8 39. Kd4 Kc7 40. f5
Kd6 41. Ne2 g5 42. g4 Nd7 43. Nxd7 Bxd7 44. Ng3 Be8 45. Nh5 Ke7 46. e5 fxe5+
47. Kxe5 Bf7 48. a3 Bd5 49. Ng3 Bf3 50. f6+ Kf7 51. Nf5 h5 52. gxh5 Bxh5 53.
Nd4 Bg4 54. Nxc6 Bd7 55. Nd4 g4 56. Nf5 Kf8 57. Nh6 Bc8 58. Kf4 Be6 59. Nxg4
1-0

[Event "European Youth Chess Championship B16"]
[Site "Prague, Top Hotel Prague"]
[Date "2016.08.18"]
[Round "1.48"]
[White "Seibt, Sascha"]
[Black "Goldie, Thomas"]
[Result "1/2-1/2"]
[WhiteElo "1847"]
[BlackElo "2193"]
[PlyCount "81"]
[EventDate "2016.08.18"]

1. Nf3 Nf6 2. g3 b5 3. Bg2 Bb7 4. b3 c5 5. c4 bxc4 6. bxc4 g6 7. Bb2 Bg7 8. Nc3
O-O 9. O-O d6 10. d3 Nbd7 11. Qc2 Rb8 12. Rab1 Qa5 13. Rfe1 e6 14. e4 Rfe8 15.
Nd2 Ne5 16. Nb3 Qa6 17. f4 Nc6 18. a3 Nd4 19. Nxd4 cxd4 20. Nb5 e5 21. fxe5
dxe5 22. h3 Bh6 23. Bc1 Bxc1 24. Rexc1 Qa5 25. Qf2 Nh5 26. Rf1 f6 27. Bf3 Ng7
28. Qe1 Qxe1 29. Rfxe1 a6 30. Nc7 Rec8 31. Nd5 Bxd5 32. exd5 Nf5 33. Bg4 Kf7
34. Kf2 Ke7 35. Bxf5 gxf5 36. g4 fxg4 37. hxg4 Kd6 38. Kf3 Rf8 39. Ke4 Rg8 40.
Rxb8 Rxb8 41. Rf1 1/2-1/2

[Event "European Youth Chess Championship B16"]
[Site "Prague, Top Hotel Prague"]
[Date "2016.08.18"]
[Round "1.49"]
[White "Hallman, Valo"]
[Black "Holton, Jake"]
[Result "1-0"]
[WhiteElo "2187"]
[BlackElo "1832"]
[PlyCount "63"]
[EventDate "2016.08.18"]

1. e4 e6 2. d4 d5 3. Nd2 c5 4. c3 Nc6 5. Ngf3 cxd4 6. cxd4 dxe4 7. Nxe4 Nf6 8.
Bd3 Be7 9. O-O O-O 10. Nxf6+ Bxf6 11. Be3 Nb4 12. Be4 Nd5 13. Qd3 g6 14. Bh6
Re8 15. Rfd1 Qd6 16. Nd2 Bd7 17. Nc4 Qb8 18. Qf3 Bh8 19. Bxd5 exd5 20. Bf4 Qc8
21. Nd6 Bg4 22. Qxd5 Qd7 23. f3 Be6 24. Qxb7 Red8 25. Qxd7 Rxd7 26. d5 Bf5 27.
Nxf5 gxf5 28. Rd2 Rc8 29. g3 Rc5 30. d6 Rb5 31. Rc1 Rxb2 32. Rc8+ 1-0

[Event "European Youth Chess Championship B16"]
[Site "Prague, Top Hotel Prague"]
[Date "2016.08.18"]
[Round "1.50"]
[White "Dabos, Doukas Ioannis"]
[Black "Kadianis, Georgios"]
[Result "1-0"]
[WhiteElo "1815"]
[BlackElo "2169"]
[PlyCount "63"]
[EventDate "2016.08.18"]

1. d4 Nf6 2. Nf3 g6 3. Nc3 Bg7 4. e4 d6 5. Be3 c6 6. Qd2 h5 7. h4 b5 8. a3 Qc7
9. Bd3 Ng4 10. O-O a6 11. Ng5 Bb7 12. Ne2 c5 13. c3 O-O 14. d5 Nd7 15. f4 c4
16. Bc2 Nxe3 17. Qxe3 Nf6 18. Nd4 Ng4 19. Qd2 Rac8 20. Rf3 Qb6 21. Raf1 a5 22.
Kh1 b4 23. f5 Ne5 24. Rf4 Bh6 25. Qf2 bxc3 26. bxc3 Nd3 27. Bxd3 cxd3 28. fxg6
fxg6 29. Nf7 Bg7 30. Qg3 d2 31. Qxg6 d1=Q 32. Ne6 1-0

[Event "European Youth Chess Championship B16"]
[Site "Prague, Top Hotel Prague"]
[Date "2016.08.18"]
[Round "1.51"]
[White "Nguyen, Kevin"]
[Black "Hakobyan, Hakob V"]
[Result "1-0"]
[WhiteElo "2169"]
[BlackElo "1792"]
[PlyCount "55"]
[EventDate "2016.08.18"]

1. Nf3 d5 2. g3 Nf6 3. Bg2 e6 4. O-O Be7 5. d3 O-O 6. Nbd2 c5 7. e4 Nc6 8. Re1
b5 9. e5 Nd7 10. Nf1 b4 11. h4 a5 12. N1h2 a4 13. Bf4 Ra7 14. Bh3 b3 15. c3
bxa2 16. Rxa2 Qb6 17. Nd2 Qa6 18. Bf1 Nb6 19. Qh5 d4 20. Ng4 Nd5 21. Bg5 Kh8
22. Ne4 g6 23. Qh6 Rg8 24. Ngf6 Nxf6 25. Bxf6+ Bxf6 26. exf6 Ne5 27. Ng5 Nf3+
28. Nxf3 1-0

[Event "European Youth Chess Championship B16"]
[Site "Prague, Top Hotel Prague"]
[Date "2016.08.18"]
[Round "1.52"]
[White "Pobor, Danilo"]
[Black "Zeman, Matyas"]
[Result "1/2-1/2"]
[WhiteElo "1783"]
[BlackElo "2166"]
[PlyCount "80"]
[EventDate "2016.08.18"]

1. d4 Nf6 2. Nf3 g6 3. c4 Bg7 4. Nc3 c5 5. d5 d6 6. e4 O-O 7. Be2 a6 8. O-O
Nbd7 9. a3 b5 10. cxb5 axb5 11. Bxb5 Ba6 12. Bxa6 Rxa6 13. Bd2 Qc7 14. Qc2 Rb8
15. Rfb1 Qb7 16. b3 Ne8 17. Ra2 Nc7 18. b4 Qa8 19. Bc1 cxb4 20. Rxb4 Rc8 21.
Bb2 Ra5 22. a4 Na6 23. Rb5 Nac5 24. Rxa5 Qxa5 25. Nb5 Bxb2 26. Rxb2 Nb6 27. h3
Ncxa4 28. Qd2 Qxd2 29. Rxd2 Rc1+ 30. Kh2 f6 31. Nfd4 Nc5 32. f3 Ra1 33. Nc6 Kf7
34. Rb2 Nc4 35. Rb4 Ra4 36. Rxa4 Nxa4 37. Nc7 Nc5 38. Nd8+ Kg7 39. Nce6+ Nxe6
40. Nxe6+ Kf7 1/2-1/2

[Event "European Youth Chess Championship B16"]
[Site "Prague, Top Hotel Prague"]
[Date "2016.08.18"]
[Round "1.53"]
[White "Akdogan, Alperen"]
[Black "Hung, Do"]
[Result "1-0"]
[WhiteElo "2152"]
[BlackElo "1766"]
[PlyCount "61"]
[EventDate "2016.08.18"]

1. d4 d5 2. Nf3 Nf6 3. c4 e6 4. g3 Be7 5. Bg2 O-O 6. O-O c6 7. Qc2 b6 8. Nbd2
Nbd7 9. e4 dxe4 10. Nxe4 Nxe4 11. Qxe4 Nf6 12. Qxc6 Bd7 13. Qb7 Rc8 14. Ne5 Rc7
15. Qf3 Ba4 16. b3 Bd7 17. Bf4 Bd6 18. Nxf7 Rxf7 19. Bxd6 Rc8 20. Be5 Bc6 21.
Qe2 Bxg2 22. Kxg2 Nd7 23. Rfe1 Qf8 24. f4 Re8 25. Qd2 Qe7 26. Re2 Nf6 27. Bxf6
Qxf6 28. Rae1 Rd7 29. d5 Kf7 30. Rxe6 Rxe6 31. Rxe6 1-0

[Event "European Youth Chess Championship B16"]
[Site "Prague, Top Hotel Prague"]
[Date "2016.08.18"]
[Round "1.54"]
[White "Pasha, Tariq"]
[Black "Tomulic, Teo"]
[Result "0-1"]
[WhiteElo "1756"]
[BlackElo "2148"]
[PlyCount "52"]
[EventDate "2016.08.18"]

1. d4 Nf6 2. c4 e6 3. Nf3 c5 4. d5 b5 5. dxe6 fxe6 6. cxb5 d5 7. e3 Bd6 8. Nc3
Bb7 9. Be2 O-O 10. Ng5 Qe7 11. Bf3 Nbd7 12. O-O h6 13. Nh3 g5 14. Be2 Kh8 15.
b3 e5 16. f4 gxf4 17. exf4 Rg8 18. Bf3 e4 19. Be2 d4 20. Na4 Qg7 21. g3 Rae8
22. Re1 Qg6 23. b4 d3 24. Bb2 c4 25. Bh5 Qf5 26. b6 Qxh3 0-1

[Event "European Youth Chess Championship B16"]
[Site "Prague, Top Hotel Prague"]
[Date "2016.08.18"]
[Round "1.55"]
[White "Slovak, Kilian"]
[Black "Rolinek, Dominik"]
[Result "0-1"]
[WhiteElo "2142"]
[BlackElo "1753"]
[PlyCount "120"]
[EventDate "2016.08.18"]

1. e4 d5 2. exd5 Nf6 3. d4 Nxd5 4. c4 Nb6 5. Nc3 e5 6. dxe5 Qxd1+ 7. Nxd1 Nc6
8. Nf3 Bg4 9. Be2 O-O-O 10. O-O Bxf3 11. Bxf3 Nxe5 12. Be2 Nbxc4 13. b3 Nd2 14.
Re1 Bb4 15. Bb2 Nd3 16. Bxd3 Rxd3 17. Re5 f6 18. Rb5 c5 19. Rc1 Kb8 20. Ne3 Re8
21. Nc2 Bc3 22. Ba3 b6 23. Ne3 Kc7 24. Bxc5 Kc6 25. Bb4 Kxb5 26. Bxc3 Ne4 27.
Be1 Red8 28. Kf1 Ka6 29. Rc2 Kb7 30. Ke2 R3d7 31. Rc4 Rd4 32. Rc2 Rc8 33. Rxc8
Kxc8 34. Nc4 b5 35. Ne3 Rd7 36. Nc2 Kb7 37. f3 Nc5 38. Bf2 Ne6 39. Be3 a5 40.
g3 Kc6 41. Bf2 Kd5 42. Be3 Rc7 43. Kd2 Rc6 44. Kd3 b4 45. Bd2 Nc5+ 46. Ke2 Re6+
47. Be3 Nd7 48. Nd4 Re8 49. Nc2 Rc8 50. Ne1 Ne5 51. Kd2 a4 52. f4 Ng4 53. Bg1
axb3 54. axb3 Rc3 55. Nd3 Rxb3 56. h3 Nh6 57. Bf2 Nf5 58. g4 Nd6 59. Ke2 Rc3
60. Kd2 Ne4+ 0-1

[Event "European Youth Chess Championship B16"]
[Site "Prague, Top Hotel Prague"]
[Date "2016.08.18"]
[Round "1.56"]
[White "Piskac, Marek"]
[Black "Lojek, Marek"]
[Result "0-1"]
[WhiteElo "1711"]
[BlackElo "2141"]
[PlyCount "56"]
[EventDate "2016.08.18"]

1. e4 e5 2. Nf3 Nc6 3. Bc4 Bc5 4. O-O Nf6 5. d4 Bxd4 6. Nxd4 Nxd4 7. Re1 d6 8.
Nc3 Be6 9. Bb3 Bxb3 10. axb3 h6 11. f4 Qd7 12. h3 a6 13. Nd5 Nxd5 14. exd5
O-O-O 15. fxe5 dxe5 16. Rxe5 f6 17. Re3 Qxd5 18. Rd3 Qe5 19. Be3 Nf5 20. Bf2
Rxd3 21. Qxd3 Rd8 22. Qf3 Nd4 23. Qg4+ f5 24. Bxd4 Qxd4+ 25. Qxd4 Rxd4 26. c3
Rd2 27. Rb1 Kd7 28. Kh2 f4 0-1